000 00327 a2200157 4500
001 163495
020 _a
040 _cMagnum
100 _aFabricio, Branca Falabella
240 1 0 _aTreasure hunt
_lING
245 1 0 _aTreasure hunt
362 0 _a1899
440 1 _aÁtica
697 _aLITERATURA ESTRANGEIRA
942 _cBK
999 _c163495
_d163495